000 00623 a2200181 4500
003 Nust
005 20170207153552.0
040 _cNust
082 _a005.8
100 _aShafi, Qaisar (MSIS-6)
245 _aEfficient transport for downstreams communication in wireless sensor netorks
_cQaisar Shafi,
260 _bMCS
_c 2010
_aRawalpindi
300 _aix, 47, p.;
505 _aIntroduction (Page-1) Literature review (Page-4) Efficient downstreaam information transport (page-19) Energy efficiency analysis (Page-40) Conslusion (Page-42)
538 _a Almirah No.70 Shelf No.5
650 _aPG Thesis
651 _aMSIS-6
942 _cTHS
999 _c188916
_d188916